000 00632nam a2200217 a 4500
001 BRL_265
005 20190320210647.0
008 170713s1954----u--bo####d---#000-0#eng-#
041 _aengspa
044 _au
050 4 _aPE1129.S8
_b.W75 1954
100 1 _aWright, Audrey L.
_923402
245 1 0 _aPractice your English = Practique su inglés
_cAudrey L. Wright.
260 _aEstados Unidos
_bAmerican Book Company
_c1954
300 _axviii, 366 p.
_bil., mapas
_c20 cm.
500 _aAu2303
650 1 4 _aInglés
_xLibros de texto para extranjeros
_923403
740 0 _aPractique su inglés
902 _aGRL
942 _2lcc
_cB
999 _c9078
_d9078